| 000 | 00543nam a22001937a 4500 | ||
|---|---|---|---|
| 999 |
_c8501 _d8501 |
||
| 003 | AR-CdUCM | ||
| 008 | 190325b ||||| |||| 00| 0 spa d | ||
| 040 |
_aMUNICIPALIDAD PROVINCIAL DEL CUSCO _cBIBLIOTECA MUNICIPAL DEL CUSCO |
||
| 082 |
_a868.9 / _bC532 |
||
| 100 |
_aChaves, Hélio _911487 |
||
| 245 | _aPirilampos / | ||
| 260 |
_aRio de Janeiro : _c1950. |
||
| 300 |
_a67 páginas ; _c19 cm. |
||
| 500 | _aDonación familia Nieto. | ||
| 650 |
_aPoesía brasileña _92038 |
||
| 650 |
_aSiglo XX _98 |
||
| 942 |
_2ddc _cLIBROS |
||
| 945 | _azta | ||